000
00277pam a2200121 a 4500
020
_c
041
_a
eng
100
_a
Williams K.W.
245
_a
Literary Cristians
_h
Textual Documents
260
_a
New Delhi
_b
Oxford University Press
_c
1967
300
_a
755p.
930
_a
15562
999
_c
92462
_d
92462